Word Ladder: Steely Dan Hit Quiz Stats

Quiz Updated Sep 5, 2017

Challenge
Share
Tweet
Embed
Score 0/30 Timer 03:00
0 Plays Today
Hint 4-Letter Word % Correct
CompletedDONE
95.4%
Champagne stopperCORK
94.6%
Camper's domeTENT
94%
Fork pointy thingTINE
92.6%
Shade or hueTINT
91.8%
What's My ___?LINE
90.7%
Braise, broil, or broastCOOK
89.6%
✤ ___ IN ✤
Reside
✤ LIVE IN ✤
89.3%
✤ ___
Urban area
✤ CITY ✤
87.4%
✤ NO ___
Opposite of less
✤ NO MORE ✤
87.1%
Udder spoutTEAT
86.6%
Reference a sourceCITE
85.3%
Oral historyLORE
85%
Lo-calorieLITE
84.6%
Pocket breadPITA
84.4%
Hint 4-Letter Word % Correct
Italian cash of yoreLIRE
84.3%
EmpathyPITY
83.9%
'In days of ___'YORE
83.8%
✤ ___
Actor Michael of 'Austin Powers'
✤ YORK ✤
81.5%
Lovely meter maid of songRITA
78.8%
CeremonyRITE
78.5%
✤ ___ NEW ✤
Not this
✤ THAT NEW✤
76.5%
Pesky arachnidMITE
75.6%
✤ DADDY ___
Common contraction
✤ DON'T ✤
75.6%
The Triple Lindy, e.g.DIVE
71.6%
Kind of tail or barDOVE
71.4%
FenMIRE
70.7%
Exchange texts?CHAT
64.2%
Layer of latexCOAT
60.3%
Dabbling duckyCOOT
58.8%

Today's Daily Dose

You're not logged in!

Compare scores with friends on all Sporcle quizzes.
Sign Up with Email
OR
Log In

You Might Also Like...

Show Comments

Extras

Top Quizzes Today


Score Distribution

Your Account Isn't Verified!

In order to create a playlist on Sporcle, you need to verify the email address you used during registration. Go to your Sporcle Settings to finish the process.